[Event "Titled Tuesday intern op 13th Feb Early"]
[Site "Chess.com INT"]
[Date "2024.02.13"]
[Round "7"]
[White "Agibileg, Uurtsaikh"]
[Black "Ronka, Erik"]
[Result "0-1"]
[WhiteElo "2445"]
[BlackElo "2300"]
[PlyCount "100"]
[EventDate "2024.02.13"]
[EventType "swiss (blitz)"]
[EventRounds "11"]
[EventCountry "USA"]
[SourceTitle "CB08_2024"]
[SourceDate "2024.02.21"]
[SourceVersion "1"]
[SourceVersionDate "2024.02.21"]
[SourceQuality "1"]

1. d4 d5 2. c4 c6 3. Nf3 Nf6 4. Nc3 e6 5. Bg5 dxc4 6. e4 b5 7. e5 h6 8. Bh4 g5 9. Nxg5 hxg5 10. Bxg5 Nbd7 11. g3 Qb6 12. exf6 Bb7 13. Bg2 0-0-0 14. 0-0 c5 15. d5 b4 16. Rb1 Qa6 17. dxe6 Bxg2 18. e7 Bxf1 19. Qf3 Bxe7 20. fxe7 Bd3 21. Nd5 Rde8 22. Re1 Qc6 23. Bf4 Kb7 24. Qg2 Nb6 25. Nf6 Qxg2+ 26. Kxg2 Nc8 27. Nxe8 Rxe8 28. Bg5 Kc6 29. Re5 Kd7 30. Rxc5 Nxe7 31. Rb5 Nc6 32. Rb7+ Ke6 33. f4 Be4+ 34. Kf2 f5 35. h3 c3 36. bxc3 bxc3 37. Rb3 c2 38. Rc3 Nd4 39. g4 Rb8 40. Ke3 Rb1 41. Kxd4 c1Q 42. Rxc1 Rxc1 43. h4 Rh1 44. h5 Bf3 45. h6 fxg4 46. Ke3 Bd5 47. Kf2 Kf5 48. Kg3 Bxa2 49. h7 Rxh7 50. Bh4 Rb7 0-1

[Event "Titled Tuesday intern op 13th Feb Late"]
[Site "Chess.com INT"]
[Date "2024.02.13"]
[Round "1"]
[White "Ronka, Erik"]
[Black "Christensen, Thomas1"]
[Result "1-0"]
[WhiteElo "2300"]
[BlackElo "2174"]
[PlyCount "73"]
[EventDate "2024.02.13"]
[EventType "swiss (blitz)"]
[EventRounds "11"]
[EventCountry "USA"]
[SourceTitle "CB08_2024"]
[SourceDate "2024.02.21"]
[SourceVersion "1"]
[SourceVersionDate "2024.02.21"]
[SourceQuality "1"]

1. e4 Nc6 2. Nf3 e5 3. Bb5 Bc5 4. c3 Bb6 5. d4 exd4 6. cxd4 Nge7 7. d5 Nb8 8. 0-0 0-0 9. Nc3 d6 10. h3 Ng6 11. Bg5 f6 12. Bd2 a6 13. Bc4 f5 14. Re1 f4 15. Rc1 Nd7 16. Ne2 Nh4 17. Ned4 Bxd4 18. Nxd4 Ne5 19. Bf1 Qg5 20. Kh1 Qg6 21. f3 Qg3 22. Re2 Rf6 23. Qe1 Qg5 24. Rxc7 Rg6 25. Qf2 Qh6 26. Ne6 Bxe6 27. dxe6 Re8 28. Be1 Rg3 29. Qb6 Nhxf3 30. Bxg3 fxg3 31. gxf3 Nxf3 32. Qe3 Qh4 33. Qxf3 Rf8 34. Rf7 Re8 35. e7 h6 36. Rf8+ Kh7 37. Qf5+ 1-0

[Event "Titled Tuesday intern op 13th Feb Late"]
[Site "Chess.com INT"]
[Date "2024.02.13"]
[Round "8"]
[White "Ronka, Erik"]
[Black "Kacprzak, Karol1"]
[Result "0-1"]
[WhiteElo "2300"]
[BlackElo "2322"]
[PlyCount "76"]
[EventDate "2024.02.13"]
[EventType "swiss (blitz)"]
[EventRounds "11"]
[EventCountry "USA"]
[SourceTitle "CB08_2024"]
[SourceDate "2024.02.21"]
[SourceVersion "1"]
[SourceVersionDate "2024.02.21"]
[SourceQuality "1"]

1. e4 c5 2. Nf3 d6 3. d4 cxd4 4. Nxd4 Nf6 5. Nc3 a6 6. Be3 e6 7. f3 b5 8. Qd2 Bb7 9. g4 Nfd7 10. 0-0-0 Nb6 11. Nb3 N8d7 12. Na5 Qc7 13. h4 Rc8 14. Bxb5 axb5 15. Nxb5 Qb8 16. Nxd6+ Bxd6 17. Qxd6 Qxd6 18. Rxd6 Nc4 19. Nxc4 Rxc4 20. b3 Rc6 21. Rxc6 Bxc6 22. Bd4 f6 23. Kd2 Ke7 24. c4 Rb8 25. Kc3 h5 26. g5 fxg5 27. hxg5 e5 28. Be3 g6 29. a4 Rf8 30. Rh3 Kd6 31. a5 Nc5 32. Bxc5+ Kxc5 33. b4+ Kd6 34. b5 Bd7 35. Kb4 Bxh3 36. c5+ Kc7 37. a6 Bc8 38. Ka5 Rxf3 0-1

[Event "Titled Tuesday intern op 06th Feb Early"]
[Site "Chess.com INT"]
[Date "2024.02.06"]
[Round "2"]
[White "Manon, Reja Neer"]
[Black "Ronka, Erik"]
[Result "0-1"]
[WhiteElo "2148"]
[BlackElo "2300"]
[PlyCount "132"]
[EventDate "2024.02.06"]
[EventType "swiss (blitz)"]
[EventRounds "11"]
[EventCountry "USA"]
[SourceTitle "CB07_2024"]
[SourceDate "2024.02.14"]
[SourceVersion "1"]
[SourceVersionDate "2024.02.14"]
[SourceQuality "1"]

1. e4 c6 2. d4 d5 3. exd5 cxd5 4. c4 Nf6 5. Nc3 g6 6. Nf3 Bg7 7. cxd5 Nxd5 8. Bc4 Nb6 9. Bb3 0-0 10. 0-0 Nc6 11. d5 Na5 12. Be3 Nxb3 13. Qxb3 Bf5 14. Bd4 Rc8 15. Bxg7 Kxg7 16. Rfd1 Nc4 17. Qxb7 a5 18. b3 Nd6 19. Qa7 Qc7 20. Qd4+ Kg8 21. Rac1 Nb5 22. Qc4 Nd6 23. Qxc7 Rxc7 24. Nd4 Rfc8 25. Nce2 Be4 26. Nc6 Kf8 27. Nxa5 Rxc1 28. Rxc1 Ra8 29. b4 Bxd5 30. a4 Rb8 31. b5 Ra8 32. Nc3 Rxa5 33. Nxd5 Rxa4 34. b6 Ra2 35. Rb1 Ra8 36. h3 Rb8 37. Nc7 Nc8 38. Nd5 e6 39. Nf6 Rb7 40. Nxh7+ Ke7 41. Ng5 e5 42. Ne4 Rxb6 43. Rxb6 Nxb6 44. g4 Ke6 45. g5 Nd5 46. Kg2 Nf4+ 47. Kg3 Kf5 48. f3 Nh5+ 49. Kf2 Ng7 50. h4 Ne8 51. Ng3+ Ke6 52. Ne4 Ng7 53. Kg3 Nf5+ 54. Kg4 Nd4 55. h5 gxh5+ 56. Kxh5 Nxf3 57. Kg4 Nd4 58. Kh5 Nc6 59. g6 f5 60. g7 Ne7 61. Ng5+ Kf6 62. Kh6 e4 63. Nh7+ Ke5 64. Ng5 f4 65. Kh7 f3 66. Nh3 e3 0-1

[Event "Titled Tuesday intern op 23rd Jan Late"]
[Site "Chess.com INT"]
[Date "2024.01.23"]
[Round "10"]
[White "Rees, Ioan"]
[Black "Ronka, Erik"]
[Result "0-1"]
[WhiteElo "2273"]
[BlackElo "2291"]
[PlyCount "98"]
[EventDate "2024.01.23"]
[EventType "swiss (blitz)"]
[EventRounds "11"]
[EventCountry "USA"]
[SourceTitle "CB05_2024"]
[SourceDate "2024.01.31"]
[SourceVersion "1"]
[SourceVersionDate "2024.01.31"]
[SourceQuality "1"]

1. e4 e5 2. Nf3 Nf6 3. Bc4 Nxe4 4. Nc3 Nxc3 5. dxc3 f6 6. 0-0 d6 7. Nh4 g6 8. f4 Bg7 9. Qd3 Qe7 10. fxe5 dxe5 11. Nxg6 hxg6 12. Qxg6+ Kd8 13. Bg5 Rf8 14. Rad1+ Bd7 15. Be3 Kc8 16. b4 b6 17. Rf2 Kb7 18. Rfd2 f5 19. Bg5 Bf6 20. Bh6 Rd8 21. b5 a6 22. Bd5+ Ka7 23. Bxa8 Kxa8 24. Qg3 axb5 25. Qf3+ Ka7 26. a4 Bc6 27. Qe2 Rxd2 28. Qxd2 bxa4 29. Be3 f4 30. Bf2 Nd7 31. c4 Nc5 32. Qe2 Qg7 33. Bxc5 bxc5 34. Qf2 Be7 35. Ra1 Bd6 36. Ra3 f3 37. g3 e4 38. Qe3 Qd4 39. Qxd4 cxd4 40. Kf1 Bxa3 41. g4 d3 42. g5 dxc2 43. Kf2 c1Q 44. Kg3 Qxg5+ 45. Kf2 e3+ 46. Ke1 f2+ 47. Ke2 Qg4+ 48. Kd3 Qd1+ 49. Kc3 Qd2# 0-1

[Event "Titled Tuesday intern op 23rd Jan Late"]
[Site "Chess.com INT"]
[Date "2024.01.23"]
[Round "6"]
[White "Ronka, Erik"]
[Black "Hubbard, Andrew"]
[Result "0-1"]
[WhiteElo "2291"]
[BlackElo "2140"]
[PlyCount "64"]
[EventDate "2024.01.23"]
[EventType "swiss (blitz)"]
[EventRounds "11"]
[EventCountry "USA"]
[SourceTitle "CB05_2024"]
[SourceDate "2024.01.31"]
[SourceVersion "1"]
[SourceVersionDate "2024.01.31"]
[SourceQuality "1"]

1. e4 e6 2. d4 d5 3. exd5 exd5 4. Nf3 Bd6 5. c4 Nf6 6. Nc3 0-0 7. cxd5 Bg4 8. Be2 Nbd7 9. 0-0 Nb6 10. Bg5 h6 11. Bh4 Be7 12. Bxf6 Bxf6 13. Qb3 Re8 14. Rfe1 Qd7 15. Rad1 Rad8 16. Bb5 c6 17. dxc6 bxc6 18. Be2 Rb8 19. Qc2 Nd5 20. Nxd5 Qxd5 21. Bc4 Qh5 22. Be2 c5 23. h3 Bf5 24. Bd3 Bxh3 25. dxc5 Rxe1+ 26. Nxe1 Rxb2 27. Qa4 Bf5 28. Bxf5 Qxf5 29. Nd3 Rb7 30. Qe8+ Kh7 31. c6 Rc7 32. Qe3 Qd5 0-1

[Event "Titled Tuesday intern op 19th Dec Early"]
[Site "Chess.com INT"]
[Date "2023.12.19"]
[Round "3"]
[White "Ronka, Erik"]
[Black "Corrales Jimenez, Fidel"]
[Result "0-1"]
[WhiteElo "2291"]
[BlackElo "2527"]
[PlyCount "84"]
[EventDate "2023.12.19"]
[EventType "swiss (blitz)"]
[EventRounds "11"]
[EventCountry "USA"]
[SourceTitle "CB52_2023"]
[SourceDate "2023.12.27"]
[SourceVersion "1"]
[SourceVersionDate "2023.12.27"]
[SourceQuality "1"]

1. e4 c5 2. Nf3 d6 3. d4 cxd4 4. Nxd4 Nf6 5. Nc3 g6 6. Be3 Bg7 7. f3 0-0 8. Qd2 Nc6 9. Bc4 Nd7 10. 0-0-0 Nb6 11. Be2 d5 12. h4 Ne5 13. b3 dxe4 14. Nxe4 Nd5 15. Bh6 Bxh6 16. Qxh6 Qa5 17. Kb1 f6 18. c4 Nc3+ 19. Nxc3 Qxc3 20. Qd2 Qxd2 21. Rxd2 h5 22. Rhd1 a6 23. Kb2 Kg7 24. a4 g5 25. c5 gxh4 26. Rh1 h3 27. gxh3 Kh6 28. f4 Ng6 29. f5 Ne5 30. Rg1 Bd7 31. Bd1 Rg8 32. Rdg2 Rxg2+ 33. Rxg2 Bc6 34. Rg3 Rd8 35. b4 Rxd4 36. h4 Rxb4+ 37. Kc3 Rxh4 38. Rg8 Bxa4 39. Be2 Bb5 40. Bd1 Rc4+ 41. Kd2 Rd4+ 42. Ke1 Bd3 0-1

[Event "Titled Tuesday intern op 19th Dec Early"]
[Site "Chess.com INT"]
[Date "2023.12.19"]
[Round "1"]
[White "Ronka, Erik"]
[Black "Deac, Bogdan Daniel"]
[Result "0-1"]
[WhiteElo "2291"]
[BlackElo "2690"]
[PlyCount "72"]
[EventDate "2023.12.19"]
[EventType "swiss (blitz)"]
[EventRounds "11"]
[EventCountry "USA"]
[SourceTitle "CB52_2023"]
[SourceDate "2023.12.27"]
[SourceVersion "1"]
[SourceVersionDate "2023.12.27"]
[SourceQuality "1"]

1. e4 c6 2. d4 d5 3. Nd2 Qc7 4. Ngf3 Bg4 5. Bd3 e6 6. 0-0 Nf6 7. h3 Bh5 8. Qe2 Be7 9. c3 c5 10. dxc5 Bxc5 11. e5 Nfd7 12. Re1 Nc6 13. g4 Bg6 14. Nb3 Bxd3 15. Qxd3 Ncxe5 16. Nxe5 Nxe5 17. Rxe5 Bxf2+ 18. Kxf2 Qxe5 19. Qg3 Qxg3+ 20. Kxg3 e5 21. Be3 b6 22. a4 f6 23. a5 Kf7 24. Ra4 Rhb8 25. axb6 axb6 26. Rb4 b5 27. Nc5 Ke7 28. h4 Kd6 29. Kf3 Kc6 30. Ne6 g6 31. g5 f5 32. h5 Ra4 33. h6 Rxb4 34. cxb4 d4 35. Bg1 Kd5 36. Bh2 Kxe6 0-1

[Event "Titled Tuesday intern op 12th Sep Early"]
[Site "Chess.com INT"]
[Date "2023.09.12"]
[Round "4"]
[White "Ronka, Erik"]
[Black "Koridze, Lile"]
[Result "1-0"]
[WhiteElo "2297"]
[BlackElo "2181"]
[PlyCount "81"]
[EventDate "2023.09.12"]
[EventType "swiss (blitz)"]
[EventRounds "11"]
[EventCountry "USA"]
[SourceTitle "EXT 2024"]
[Source "ChessBase"]
[SourceDate "2023.10.10"]
[SourceVersion "1"]
[SourceVersionDate "2023.10.10"]
[SourceQuality "1"]

1. e4 c5 2. Nf3 d6 3. d4 cxd4 4. Nxd4 Nf6 5. Nc3 a6 6. Be3 e5 7. Nb3 Be6 8. f3 Nbd7 9. Qd2 b5 10. g4 Nb6 11. a4 b4 12. Nd1 Nc4 13. Bxc4 Bxc4 14. g5 Nd7 15. Nf2 a5 16. 0-0-0 Qc7 17. Kb1 Qc6 18. Nc1 Be7 19. h4 Nb6 20. b3 Be6 21. h5 Rd8 22. Nfd3 Qc7 23. Qf2 Nd7 24. g6 h6 25. gxf7+ Bxf7 26. f4 exf4 27. Nxf4 Bf6 28. Bd4 Ne5 29. Bb6 Qc3 30. Nce2 Qc8 31. Bxd8 Qxd8 32. Nd4 Qc8 33. Nf5 0-0 34. Qg3 Kh7 35. Rhg1 Bg5 36. Nd5 Bxd5 37. Rxd5 Qc6 38. Rgd1 Qb6 39. Qg1 Qxg1 40. Rxg1 Rxf5 41. exf5 1-0

[Event "Titled Tuesday intern op 12th Sep Early"]
[Site "Chess.com INT"]
[Date "2023.09.12"]
[Round "3"]
[White "Zampronha, Wladimir Camilo"]
[Black "Ronka, Erik"]
[Result "1-0"]
[WhiteElo "2170"]
[BlackElo "2297"]
[PlyCount "121"]
[EventDate "2023.09.12"]
[EventType "swiss (blitz)"]
[EventRounds "11"]
[EventCountry "USA"]
[SourceTitle "EXT 2024"]
[Source "ChessBase"]
[SourceDate "2023.10.10"]
[SourceVersion "1"]
[SourceVersionDate "2023.10.10"]
[SourceQuality "1"]

1. e4 c5 2. Nf3 e6 3. d4 cxd4 4. Nxd4 Nf6 5. Nc3 d6 6. Be2 Be7 7. 0-0 0-0 8. Be3 Nc6 9. Nb3 a6 10. f4 b5 11. Bf3 Qc7 12. g4 Bb7 13. g5 Nd7 14. Bg2 Rfe8 15. Qg4 Bf8 16. Rae1 g6 17. Qh4 Bg7 18. Rf3 b4 19. Ne2 f5 20. Rh3 Nf8 21. exf5 exf5 22. Bd5+ Kh8 23. Qf2 Re7 24. Bb6 Qd7 25. Ned4 Nxd4 26. Bxb7 Rxe1+ 27. Qxe1 Re8 28. Re3 Rxe3 29. Qxe3 Nxc2 30. Qf3 h6 31. Bxa6 Qe7 32. Qe2 Qd7 33. Qxc2 h5 34. Qf2 Qe6 35. Bd4 Qe4 36. Bxg7+ Kh7 37. Bxf8 Qb1+ 38. Bf1 Qxa2 39. Nd4 Qd5 40. Nf3 Qe4 41. Bxd6 Qb1 42. Be5 Kg8 43. Qa7 Kf8 44. Qg7+ Ke8 45. Qxg6+ Kd7 46. Qd6+ Ke8 47. g6 Qe4 48. Qe6+ Kd8 49. Qd6+ Ke8 50. Qd3 Qe3+ 51. Qxe3 h4 52. Nxh4 b3 53. Ng2 Kd7 54. Qd3+ Kc6 55. Qxf5 Kb7 56. Qd3 Kb6 57. Qxb3+ Ka5 58. Qa3+ Kb6 59. Qb4+ Kc6 60. Bb5+ Kd5 61. Qc4# 1-0